000 00482nam a22001937a 4500
040 _aISFD N° 12
082 _aA863.9282
_bROL
100 _aRoldan Elisa
240 _aDecir amigo
245 _aDecir amigo
250 _a3a.
260 _aBuenos Aires
_bAlfaguara
_c2012
300 _a160p.
650 _aLiteratura infantil y juvenil Argentina
942 _2ddc
_cLIB
999 _c7016
_d7016